Normal view
MARC view
- Jiménez Cisneros, Blanca Elena,
Entry Nombre Personal
001 - NUMERO DE CONTROL
- campo de control: 37786
003 - IDENTIFICADOR DE NUMERO DE CONTROL
- campo de control: UPN
005 - FECHA Y HORA DE LA ÜLTIMA TRANSACCIÓN
- campo de control: 20210219194528.0
008 - DATOS DE LONGITUD FIJA
- campo de control de longitud fija: nabaccnnaabn|||||||||| b |nc|||||d
035 ## - NUMERO DE CONTROL
- Número de control: UPN11000009893
040 ## - FUENTE DE CATALOGACIÓN
- Lenguaje de catalogación: SPA
- Agencia de transcripción: UPN
100 1# - ENCABEZAMIENTO - NOMBRE PERSONAL
- Nombre personal: Jiménez Cisneros, Blanca Elena,
- Fechas asociadas con el nombre: 1958-
670 ## - FUENTE EN LA QUE SE LOCALIZARON DATOS
- Cita de la fuente: LC/P
680 ## - NOTA PUBLICA DE ACCESO PÚBLICO
- Frase explicativa de la referencia: Ingeniera Ambiental con Maestría, Doctorado y Post Doctorado en Tratamiento y Reúso del Agua mexicana
902 ## - CATALOGADOR
- Catalogador: MMA/021015
